| 000 | 01123cam a2200301 a 4500 | ||
|---|---|---|---|
| 001 | 13128501 | ||
| 003 | OSt | ||
| 005 | 20151112131052.0 | ||
| 008 | 030319s2004 njua 001 0 eng | ||
| 010 | _a 2003045616 | ||
| 020 | _a0130486930 | ||
| 040 |
_aDLC _cDLC _dDLC |
||
| 050 | 0 | 0 |
_aQA39.3 _b.C535 2004 |
| 082 | 0 | 0 |
_a512/.1 _221 |
| 100 | 1 |
_aCleaves, Cheryl, _d1944- |
|
| 240 | 1 | 0 | _aBasic mathematics for trades and technologies |
| 245 | 1 | 0 | _aCollege mathematics for technology. |
| 250 |
_a6th ed. / _bCheryl Cleaves, Margie Hobbs. |
||
| 260 |
_aUpper Saddle River, NJ : _bPearson Prentice Hall, _cc2004. |
||
| 300 |
_axvii, 1021 p. : _bill. ; _c29 cm. + _e1 CD-ROM (4 3/4 in.) + 1 website access card |
||
| 500 | _aIncludes index. | ||
| 538 | _aSystem requirements for accompanying CD-ROM: Windows 98 or higher/Macintosh. | ||
| 650 | 0 | _aMathematics. | |
| 700 | 1 |
_aHobbs, Margie, _d1943- |
|
| 906 |
_a7 _bcbc _corignew _d1 _eocip _f20 _gy-gencatlg |
||
| 942 |
_2lcc _cBK |
||
| 999 |
_c251259 _d251259 |
||